Statistics for Classical Composers Quiz

Click here to take the quiz!

General Stats

  • This quiz has been taken 50,226 times
  • The average score is 11 of 20

Answer Stats

Classical WorkComposer% Correct
Moonlight SonataLudwig van Beethoven
98%
The Magic FluteWolfgang Amadeus Mozart
94%
The Brandenburg ConcertosJohann Sebastian Bach
83%
The Four SeasonsAntonio Vivaldi
82%
Swan LakePyotr Ilyich Tchaikovsky
76%
MessiahGeorge Frideric Handel
66%
Ride of the ValkyriesRichard Wagner
64%
Black Key EtudeFrederic Chopin
54%
Canon In DJohann Pachelbel
54%
Rhapsody in BlueGeorge Gershwin
49%
BoléroMaurice Ravel
48%
The PlanetsGustav Holst
46%
Hungarian RhapsodyFranz Liszt
42%
The Rite of SpringIgor Stravinsky
42%
FinlandiaJean Sibelius
37%
Flight of the Bumble-BeeNikolai Rimsky-Korsakov
36%
Madame ButterflyGiacomo Puccini
33%
Carmina BuranaCarl Orff
31%
Adagio for StringsSamuel Barber
27%
Fanfare for the Common ManAaron Copland
25%

Score Distribution

Percentile by Number Answered

Percent of People with Each Score

Your Score History

You have not taken this quiz